Clic Les villes et les fast-foods - Statistiques

Statistiques générales
  • Ce quiz a été pris 9 fois
  • Le résultat moyen est 2 sur 30
Statistiques - réponses
Hint Extra Hint Réponse % Correct
116.13 122 restaurants dont 40 kebabs Nancy
33%
112.97 47 restaurants dont 17 kebabs Angoulême
22%
105.52 49 restaurants dont 17 kebabs Charleville-Mézières
22%
145.27 43 restaurants dont 22 burgers Agde
11%
109.34 40 restaurants dont 20 burgers Annemasse
11%
120.58 56 restaurants dont 20 tacos Belfort
11%
113.87 27 restaurants dont 12 kebabs Dole
11%
128.17 26 restaurants dont 8 kebabs Givors
11%
112.52 178 restaurants dont 68 tacos Grenoble
11%
120.55 48 restaurants dont 19 burgers Montélimar
11%
113.96 136 restaurants dont 73 burgers Perpignan
11%
108.23 28 restaurants dont 11 burgers Alençon
0%
109.70 28 restaurants dont 11 burgers Blagnac
0%
109.46 45 restaurants dont 18 tacos Bourg-en-Bresse
0%
104.00 30 restaurants dont 11 burgers Bourgoin-Jallieu
0%
107.32 80 restaurants dont 41 burgers Cannes
0%
115.41 52 restaurants dont 18 tacos Chalon-sur-Saône
0%
108.63 64 restaurants dont 27 tacos Chambéry
0%
102.86 25 restaurants dont 10 kebabs Laon
0%
100.65 236 restaurants dont 133 burgers Lille
0%
138.61 47 restaurants dont 19 tacos Mâcon
0%
105.28 43 restaurants dont 21 burgers Melun
0%
100.87 56 restaurants dont 21 kebabs Narbonne
0%
122.86 138 restaurants dont 58 burgers Rouen
0%
100.68 175 restaurants dont 67 tacos Saint-Etienne
0%
106.61 22 restaurants dont 9 burgers Sarreguemines
0%
107.97 31 restaurants dont 11 kebabs Soissons
0%
123.95 53 restaurants dont 25 burgers Tarbes
0%
145.74 63 restaurants dont 18 kebabs Valenciennes
0%
115.73 42 restaurants dont 19 burgers Villefranche-sur-Saône
0%
Aucun quiz correspondant
Distribution des résultats
% des personnes avec chaque résultat
Percentile par nombre de réponses
Votre historique - résultats
Vous n’avez pas pris ce quiz